000
00339nam a2200169Ia 4500
003
IT-RoPAU
008
120407s9999 xx 000 0 und d
040
_a
IT-RoPAU
040
_c
IT-RoPAU
041
_a
ita
100
_a
Ugo Spiccio
245
_a
Sessualità e cancro
300
_c
cm
490
_v
1
942
_c
BK
999
_c
22822
_d
22822